<?xml version="1.0" encoding="UTF-8"?>
<record
    xmlns:xsi="http://www.w3.org/2001/XMLSchema-instance"
    xsi:schemaLocation="http://www.loc.gov/MARC21/slim http://www.loc.gov/standards/marcxml/schema/MARC21slim.xsd"
    xmlns="http://www.loc.gov/MARC21/slim">

  <leader>00804na  a2200229   4500</leader>
  <controlfield tag="001">23841</controlfield>
  <controlfield tag="003">MIRAKIL</controlfield>
  <controlfield tag="005">20181213155315.0</controlfield>
  <controlfield tag="008">180104b        tu            000 0      </controlfield>
  <datafield tag="040" ind1=" " ind2=" ">
    <subfield code="a">Milas</subfield>
    <subfield code="b">tur</subfield>
    <subfield code="c">TR-AnCHP</subfield>
  </datafield>
  <datafield tag="041" ind1=" " ind2=" ">
    <subfield code="a">tur</subfield>
  </datafield>
  <datafield tag="082" ind1=" " ind2=" ">
    <subfield code="a">321.8</subfield>
    <subfield code="b">D35 2012</subfield>
  </datafield>
  <datafield tag="090" ind1=" " ind2=" ">
    <subfield code="a">321.8 D35 2012</subfield>
  </datafield>
  <datafield tag="111" ind1=" " ind2=" ">
    <subfield code="a">Demokratik T&#xFC;rkiye, Demokratik Anayasa Sempozyumu</subfield>
    <subfield code="c">Mersin</subfield>
    <subfield code="d">20 Ekim 2011</subfield>
  </datafield>
  <datafield tag="245" ind1=" " ind2=" ">
    <subfield code="a">Demokratik T&#xFC;rkiye, demokratik anayasa sempozyumu </subfield>
    <subfield code="b">Bildiriler</subfield>
    <subfield code="c">Haz&#x131;rlayan Ahmet &#xD6;zer</subfield>
  </datafield>
  <datafield tag="260" ind1=" " ind2=" ">
    <subfield code="a">Mersin</subfield>
    <subfield code="b">Toros &#xDC;niversitesi</subfield>
    <subfield code="c">2012</subfield>
    <subfield code="f">Toros &#xDC;niversitesi Bas&#x131;mevi</subfield>
  </datafield>
  <datafield tag="300" ind1=" " ind2=" ">
    <subfield code="a">216 s.</subfield>
    <subfield code="b">fot&#x11F;.</subfield>
    <subfield code="c">24 sm.</subfield>
  </datafield>
  <datafield tag="440" ind1=" " ind2=" ">
    <subfield code="a">Toros &#xDC;niversitesi yay&#x131;nlar&#x131;</subfield>
    <subfield code="v">yay&#x131;n no: 1</subfield>
  </datafield>
  <datafield tag="650" ind1=" " ind2=" ">
    <subfield code="a">Demokrasi ve anayasa</subfield>
    <subfield code="x">T&#xFC;rkiye</subfield>
  </datafield>
  <datafield tag="650" ind1=" " ind2=" ">
    <subfield code="a">Demokratik sistemler</subfield>
    <subfield code="x">T&#xFC;rkiye</subfield>
    <subfield code="y">Toplant&#x131;lar</subfield>
  </datafield>
  <datafield tag="942" ind1=" " ind2=" ">
    <subfield code="2">ddc</subfield>
    <subfield code="c">BKS</subfield>
  </datafield>
  <datafield tag="952" ind1=" " ind2=" ">
    <subfield code="a">0001</subfield>
    <subfield code="b">0001</subfield>
    <subfield code="d">2018-01-04</subfield>
    <subfield code="e">2</subfield>
    <subfield code="l">0</subfield>
    <subfield code="o">321.8 D35 2012</subfield>
    <subfield code="p">017819</subfield>
    <subfield code="r">2018-01-04 00:00:00</subfield>
    <subfield code="v">0.00</subfield>
    <subfield code="w">2018-01-04</subfield>
    <subfield code="y">BKS</subfield>
  </datafield>
  <datafield tag="999" ind1=" " ind2=" ">
    <subfield code="c">10321</subfield>
    <subfield code="d">10321</subfield>
  </datafield>
</record>
